| 000 | 00359nam a22001457a 4500 | ||
|---|---|---|---|
| 999 |
_c7731 _d7731 |
||
| 003 | GBCCL | ||
| 005 | 20241126110635.0 | ||
| 008 | 180914b ||||| |||| 00| 0 eng d | ||
| 040 | _cgbc | ||
| 082 |
_aMAG SIA _b2012 |
||
| 245 |
_aSiamsinpawlpi annual magazine / _cMang Guite, editor |
||
| 260 |
_aLamka: _bSSPP, _c2012 |
||
| 300 | _a132pages | ||
| 942 |
_2ddc _cARCH |
||